LEADER 00953nam a2200217 i 4500 001 000000223276 003 CaOOAMICUS 005 20141202000000.0 008 141202s1890 xx u000 u fre u 013 $a202173 040 $aSeMil$bita 100 1 $aDuerm, Carl : van.$0(OLS)http://semarc/name/77895 245 10$aVicissitudes politiques du pouvoir temporel des papes de 1790 à nos jours /$cpar Charles van Duerm. 260 $aLille :$bDesclée, de Brouwer & Cie,$cpref. 1890. 300 $a456 p. ;$c23 cm. 650 4$aPapato - Potere temporale.$0(OLS)http://semarc/subject/4991 850 $aSeMil 852 $aSeMil$W1$xVenegono$y1$m3A IV 50 FA$j173622$B173622$CSeMilBibl$Z2$F183965 $8I 961 $aLascito: Galli Emilio, prof. 996 $6245$aVicissitudes politiques du pouvoir temporel des papes de 1790 à nos jours$9(OLS)http://semarc/title/320199 996 $6260$aLille :$bDesclée, de Brouwer & Cie$9(OLS)http://semarc/publisher/32638 LEADER 01430nam a2200265 i 4500 001 000000058086 003 CaOOAMICUS 005 20260127125253.0 008 080212s1961 it u000 u ita u 040 $aSeMil$bita 100 1 $aBonicelli, Gaetano,$c.$0(OLS)http://semarc/name/4636 245 10$aRivoluzione e restaurazione a Bergamo :$baspetti sociali e religiosi della vita bergamasca alle soglie dell'età contemporanea (1775-1825) : con documenti inediti /$cGaetano Bonicelli ; presentazione di F. Boulard. 264 1$aBergamo :$bMonumenta Bergomensia,$c1961. 300 $a237 p. ;$c26 cm. 490 1 $aMonumenta bergomensia ;$v4. 650 4$aBergamo - Storia - Sec. 18.-19.$0(OLS)http://semarc/subject/59399 650 4$aBergamo (Diocesi) - Storia.$0(OLS)http://semarc/subject/1539 700 1 $aBoulard, Fernand.$0(OLS)http://semarc/name/25352 830 0$aMonumenta Bergomensia ;$v4.$0(OLS)http://semarc/title/420024 850 $aSeMil 852 $aSeMil$W1$xVenegono$y1$m3P III 602$j266676$B24239$CSeMilBibl$Z2$F24242 $81 961 $aRecupero: Altro 996 $6245$aRivoluzione e restaurazione a Bergamo :$baspetti sociali e religiosi della vita bergamasca alle soglie dell'età contemporanea (1775-1825) : con documenti inediti$9(OLS)http://semarc/title/90478 996 $6264$aBergamo :$bMonumenta Bergomensia$9(OLS)http://semarc/publisher/33349